A la busca de un modelo profesional para la docencia : ¿liberal, burocrático o democrático? (Record no. 111407)

MARC details
000 -CABECERA
campo de control de longitud fija 00592nab a2200193 a 4500
005 - FECHA Y HORA DE LA ÚLTIMA TRANSACCIÓN
campo de control 20210219155143.0
008 - ELEMENTOS DE LONGITUD FIJA--INFORMACIÓN GENERAL
campo de control de longitud fija 991125s1985 mx 000 0 spa u
035 ## - NÚMERO DE CONTROL DEL SISTEMA
Número de control de sistema UPN01000139259
100 1# - ASIENTO PRINCIPAL--NOMBRE PERSONAL
Nombre de persona Fernández Enguita, Mariano
222 ## - TÍTULO CLAVE
Título clave REVISTA IBEROAMERICANA DE EDUCACION
245 ## - MENCIÓN DE TÍTULO
Título A la busca de un modelo profesional para la docencia : ¿liberal, burocrático o democrático?
260 ## - PUBLICACIÓN, DISTRIBUCIÓN, ETC.
Lugar de publicación, distribución, etc. Madrid, España
300 ## - DESCRIPCIÓN FÍSICA
Extensión 43-64
362 0# - FECHAS DE PUBLICACIÓN Y/O DESIGNACIÓN SECUENCIAL
Fecha de publicación y/o designación secuencial 2001 No. 25, ene.-abr.
653 0# - TERMINO DE INDIZACION - NO CONTROLADO
Término no controlado MAESTROS
653 0# - TERMINO DE INDIZACION - NO CONTROLADO
Término no controlado REFORMA EDUCATIVA
653 0# - TERMINO DE INDIZACION - NO CONTROLADO
Término no controlado FORMACION PROFESIONAL
905 ## - TIPO DE MATERIAL
Tipo de material Articulo

No items available.